[Event "Prague Summer Holiday M1"]
[Site "Prague"]
[Date "2022.07.25"]
[Round "3"]
[White "Kalisky, Vladimir"]
[Black "Wuensch, Ulrich"]
[Result "1-0"]
[WhiteElo "2137"]
[BlackElo "1969"]
[PlyCount "85"]
[EventDate "2022.07.24"]
[EventType "tourn"]
[EventRounds "9"]
[EventCountry "CZE"]
[SourceTitle "CBM 209 Extra"]
[Source "ChessBase"]
[SourceDate "2022.09.30"]
[SourceVersion "1"]
[SourceVersionDate "2022.09.30"]
[SourceQuality "1"]

1. c4 c5 2. Nc3 b6 3. e3 Bb7 4. d4 cxd4 5. exd4 g6 6. Nf3 Bg7 7. Bf4 Nf6 8. Rc1 d6 9. Be2 Nbd7 10. 0-0 0-0 11. h3 Rc8 12. d5 a5 13. Re1 Re8 14. a3 Nc5 15. Bf1 Ra8 16. Nd4 Qd7 17. Ndb5 Na6 18. Rb1 h6 19. b4 axb4 20. axb4 Qd8 21. Qd2 Kh7 22. Nd4 Qc8 23. Na4 Nd7 24. Nc6 Bxc6 25. dxc6 Ne5 26. b5 Qc7 27. Be3 Nc5 28. Nxc5 dxc5 29. f4 Red8 30. Qc2 Nxc6 31. bxc6 Qxc6 32. Be2 Ra3 33. Bf3 Qc7 34. Rb3 Ra6 35. Kh1 Rd6 36. f5 Rf6 37. Be4 g5 38. Bg1 Kg8 39. Bh2 e5 40. fxe6 Qa7 41. exf7+ Kxf7 42. Bd5+ Kf8 43. Rbe3 1-0

[Event "Erfurt op Seniors 29th"]
[Site "Erfurt"]
[Date "2019.12.29"]
[Round "4"]
[White "Wuensch, Ulrich"]
[Black "Abel, Hans Peter"]
[Result "1-0"]
[WhiteElo "2050"]
[BlackElo "1767"]
[PlyCount "75"]
[EventDate "2019.12.26"]
[EventType "swiss"]
[EventRounds "5"]
[EventCountry "GER"]
[SourceTitle "CBM 194 Extra"]
[Source "ChessBase"]
[SourceDate "2020.03.31"]
[SourceVersion "1"]
[SourceVersionDate "2020.03.31"]
[SourceQuality "1"]

1. d4 d5 2. Nf3 Nf6 3. e3 e6 4. Bd3 Bd6 5. Nbd2 Nbd7 6. 0-0 c5 7. b3 0-0 8. Bb2 b6 9. Ne5 cxd4 10. exd4 Bb7 11. Qe2 Be7 12. f4 g6 13. Rae1 Re8 14. Rf3 Bf8 15. Rh3 Bg7 16. Rf1 Qc7 17. g4 a6 18. Ndf3 Rad8 19. Ng5 Ne4 20. Ngxf7 Nxe5 21. Nxe5 b5 22. Qe1 Qe7 23. g5 Rf8 24. Qh4 Bxe5 25. dxe5 Rf7 26. Qe1 Qc5+ 27. Qe3 Rc8 28. Bd4 Qc6 29. Rhf3 Rcf8 30. h4 Rc8 31. Rh3 Nc5 32. Bxc5 Qxc5 33. Qxc5 Rxc5 34. h5 Kg7 35. hxg6 hxg6 36. Rh5 Rf5 37. Rf2 Bc6 38. Rfh2 1-0

[Event "Erfurt op Seniors 29th"]
[Site "Erfurt"]
[Date "2019.12.27"]
[Round "2"]
[White "Jaeger, Andre"]
[Black "Wuensch, Ulrich"]
[Result "1/2-1/2"]
[WhiteElo "1850"]
[BlackElo "2050"]
[PlyCount "29"]
[EventDate "2019.12.26"]
[EventType "swiss"]
[EventRounds "5"]
[EventCountry "GER"]
[SourceTitle "CBM 194 Extra"]
[Source "ChessBase"]
[SourceDate "2020.03.31"]
[SourceVersion "1"]
[SourceVersionDate "2020.03.31"]
[SourceQuality "1"]

1. d4 Nf6 2. c4 e6 3. Nc3 Bb4 4. f3 c5 5. a3 Bxc3+ 6. bxc3 0-0 7. e4 d6 8. Bd3 e5 9. d5 Qa5 10. Ne2 Nbd7 11. 0-0 Nb6 12. Bg5 Nbd7 13. Qd2 Re8 14. Ng3 Qd8 15. Kh1 1/2-1/2

[Event "Erfurt Seniors op 28th"]
[Site "Erfurt"]
[Date "2018.12.28"]
[Round "3"]
[White "Wuensch, Ulrich"]
[Black "Jacob, Helmut"]
[Result "1/2-1/2"]
[WhiteElo "2057"]
[BlackElo "2110"]
[PlyCount "73"]
[EventDate "2018.12.26"]
[EventType "swiss"]
[EventRounds "5"]
[EventCountry "GER"]
[SourceTitle "EXT 2021"]
[Source "ChessBase"]
[SourceDate "2020.10.23"]
[SourceVersion "1"]
[SourceVersionDate "2020.10.23"]
[SourceQuality "1"]

1. d4 Nf6 2. Nf3 e6 3. e3 b6 4. Bd3 Bb7 5. Nbd2 d5 6. 0-0 Be7 7. b3 0-0 8. Bb2 Nbd7 9. Ne5 c5 10. Ndf3 Rc8 11. Qe2 Rc7 12. Nxd7 Nxd7 13. Ne5 f5 14. Nxd7 Qxd7 15. dxc5 Bxc5 16. Rad1 Qe8 17. Be5 Rcf7 18. c4 Qc6 19. Qf3 Qc8 20. Qg3 Be7 21. cxd5 exd5 22. Rc1 Qe6 23. Rc7 Bf6 24. Rxf7 Qxf7 25. Rc1 Re8 26. Bb8 Rc8 27. Rd1 Bh4 28. Qf4 Qh5 29. f3 Bg5 30. Qg3 Re8 31. Qc7 Bxe3+ 32. Kh1 Qf7 33. Qg3 f4 34. Qh3 Rxb8 35. Qxh7+ Kf8 36. Bg6 Qg8 37. Qh5 1/2-1/2

[Event "GER-ch Seniors 65"]
[Site "Hamburg"]
[Date "2018.07.28"]
[Round "8"]
[White "Wuensch, Ulrich"]
[Black "Rosen, Willy"]
[Result "0-1"]
[WhiteElo "2057"]
[BlackElo "2161"]
[PlyCount "108"]
[EventDate "2018.07.21"]
[EventType "swiss"]
[EventRounds "9"]
[EventCountry "GER"]
[SourceTitle "CBM 186 Extra"]
[Source "ChessBase"]
[SourceDate "2018.08.24"]
[SourceVersion "1"]
[SourceVersionDate "2018.08.24"]
[SourceQuality "1"]

1. c4 c5 2. g3 Nf6 3. Bg2 e6 4. e4 Nc6 5. Nc3 d6 6. Nge2 Be7 7. 0-0 0-0 8. d4 cxd4 9. Nxd4 Bd7 10. Be3 a6 11. Qe2 Rc8 12. b3 Qa5 13. Nxc6 Bxc6 14. Bd2 Qc7 15. Rac1 b6 16. Nd5 Qd8 17. Nxe7+ Qxe7 18. Bb4 Nd7 19. Rcd1 Nc5 20. Rd2 Rfd8 21. Rfd1 e5 22. Qe3 h6 23. Ba3 a5 24. f3 Ra8 25. Bh3 Kh7 26. Bf5+ g6 27. Bh3 Rab8 28. Bc1 Kg7 29. a3 a4 30. Rf2 Rh8 31. b4 Nb3 32. Bb2 Rhd8 33. f4 f6 34. Bf1 Be8 35. Bd3 Bf7 36. Rdf1 Bg8 37. fxe5 fxe5 38. Rf6 Be6 39. h4 Rf8 40. Rxf8 Rxf8 41. Rxf8 Qxf8 42. Be2 Qd8 43. Qd3 Qc7 44. g4 Qe7 45. Kg2 Bf7 46. Kg3 Qf6 47. Qe3 g5 48. hxg5 hxg5 49. Kg2 Qf4 50. Qd3 Bg6 51. Qxd6 Bxe4+ 52. Kg1 Qg3+ 53. Kf1 Bg2+ 54. Kg1 Bf3+ 0-1

[Event "GER-ch Seniors 65"]
[Site "Hamburg"]
[Date "2018.07.26"]
[Round "6"]
[White "Wuensch, Ulrich"]
[Black "Zunker, Reinhard"]
[Result "1-0"]
[WhiteElo "2057"]
[BlackElo "2024"]
[PlyCount "145"]
[EventDate "2018.07.21"]
[EventType "swiss"]
[EventRounds "9"]
[EventCountry "GER"]
[SourceTitle "CBM 186 Extra"]
[Source "ChessBase"]
[SourceDate "2018.08.24"]
[SourceVersion "1"]
[SourceVersionDate "2018.08.24"]
[SourceQuality "1"]

1. c4 Nf6 2. g3 e5 3. Bg2 Nc6 4. Nc3 d6 5. d3 Be7 6. Nf3 0-0 7. 0-0 Bg4 8. h3 Bd7 9. Rb1 Qc8 10. Kh2 Nh5 11. e4 g6 12. b4 Bf6 13. Nd5 Bd8 14. Bh6 Ng7 15. b5 Na5 16. Qd2 c6 17. bxc6 bxc6 18. Ne3 c5 19. Nd5 Nc6 20. Ng1 f6 21. f4 Rf7 22. fxe5 dxe5 23. Rf2 Nd4 24. Rbf1 Ne8 25. Nf3 Nxf3+ 26. Rxf3 Be6 27. Be3 Bxd5 28. cxd5 Rc7 29. Qc3 Nd6 30. g4 Nb5 31. Qb3 Nd4 32. Bxd4 Rb8 33. Qa4 cxd4 34. g5 Qd7 35. Qxd7 Rxd7 36. gxf6 Kf8 37. R3f2 Rc7 38. Bf3 Rc3 39. Rd2 Rb6 40. Bd1 Bxf6 41. Bb3 Kg7 42. Bc4 Bg5 43. Rdf2 Bf4+ 44. Kg2 g5 45. Re2 Kf6 46. Rff2 Rb1 47. Rb2 Rcc1 48. Rxb1 Rxb1 49. Rc2 h5 50. Bb3 g4 51. hxg4 hxg4 52. d6 Rc1 53. Rc7 Be3 54. Rf7+ Kg5 55. d7 Rg1+ 56. Kh2 g3+ 57. Kh3 Rh1+ 58. Kxg3 Rh8 59. Rf5+ Kg6 60. Rxe5 Rd8 61. Ba4 Bd2 62. Rf5 Bg5 63. Kg4 Be7 64. Rd5 Kf6 65. Rxd4 Ke6 66. Rd5 Rg8+ 67. Kf3 Bd8 68. Rf5 Kd6 69. d4 Rg5 70. Rf8 Kc7 71. e5 Rg1 72. Ke4 Ra1 73. Rf2 1-0

[Event "GER-ch Seniors 65"]
[Site "Hamburg"]
[Date "2018.07.25"]
[Round "5"]
[White "Hess, Christian"]
[Black "Wuensch, Ulrich"]
[Result "1-0"]
[WhiteElo "2243"]
[BlackElo "2057"]
[PlyCount "55"]
[EventDate "2018.07.21"]
[EventType "swiss"]
[EventRounds "9"]
[EventCountry "GER"]
[SourceTitle "CBM 186 Extra"]
[Source "ChessBase"]
[SourceDate "2018.08.24"]
[SourceVersion "1"]
[SourceVersionDate "2018.08.24"]
[SourceQuality "1"]

1. c4 Nf6 2. Nc3 e6 3. e4 d5 4. e5 d4 5. exf6 dxc3 6. bxc3 Qxf6 7. d4 b6 8. Nf3 Bb7 9. Bd3 Qd8 10. 0-0 Be7 11. Ne5 0-0 12. Qh5 g6 13. Qh3 Nd7 14. Bh6 Re8 15. f4 Nf6 16. Rae1 c5 17. Nxf7 Qc8 18. Ng5 cxd4 19. cxd4 e5 20. fxe5 Ng4 21. Ne4 Nxh6 22. Qxh6 Qe6 23. Rf6 Qd7 24. d5 Bxd5 25. cxd5 Qxd5 26. Bc2 Qxe5 27. Bb3+ Kh8 28. Rf7 1-0

[Event "GER-ch Seniors 65"]
[Site "Hamburg"]
[Date "2018.07.23"]
[Round "3"]
[White "Pruefer, Friedbert"]
[Black "Wuensch, Ulrich"]
[Result "1/2-1/2"]
[WhiteElo "2172"]
[BlackElo "2057"]
[PlyCount "37"]
[EventDate "2018.07.21"]
[EventType "swiss"]
[EventRounds "9"]
[EventCountry "GER"]
[SourceTitle "CBM 186 Extra"]
[Source "ChessBase"]
[SourceDate "2018.08.24"]
[SourceVersion "1"]
[SourceVersionDate "2018.08.24"]
[SourceQuality "1"]

1. d4 Nf6 2. Bg5 d5 3. e3 e6 4. Bd3 Be7 5. Nd2 0-0 6. c3 Nbd7 7. f4 c5 8. Ngf3 b6 9. 0-0 Bb7 10. Ne5 Ne4 11. Bxe7 Qxe7 12. Nxd7 Qxd7 13. Qc2 Nxd2 14. Qxd2 f5 15. Kh1 Kh8 16. g4 Qe7 17. Rg1 Bc6 18. Qe2 b5 19. a3 1/2-1/2

[Event "Erfurt ST op 27th"]
[Site "Erfurt"]
[Date "2017.12.30"]
[Round "5"]
[White "Muuss, Klaus"]
[Black "Wuensch, Ulrich"]
[Result "1-0"]
[WhiteElo "2033"]
[BlackElo "2044"]
[PlyCount "61"]
[EventDate "2017.12.26"]
[EventType "swiss"]
[EventRounds "5"]
[EventCountry "GER"]
[SourceTitle "CBM 182 Extra"]
[Source "ChessBase"]
[SourceDate "2018.02.23"]
[SourceVersion "1"]
[SourceVersionDate "2018.02.23"]
[SourceQuality "1"]

1. e4 c5 2. Nf3 Nc6 3. d4 cxd4 4. Nxd4 g6 5. Nc3 Bg7 6. Be3 Nf6 7. Bc4 Qa5 8. 0-0 0-0 9. Bb3 d6 10. h3 Bd7 11. Re1 Rac8 12. Qe2 Nxe4 13. Nxc6 Bxc6 14. Nxe4 Bxe4 15. Bd2 Qb6 16. Qxe4 Bxb2 17. Rab1 d5 18. Qb4 Qf6 19. Qxe7 Qg7 20. Qxb7 Bd4 21. Be3 Bc3 22. Red1 d4 23. Bd2 Bxd2 24. Rxd2 a5 25. Rbd1 Rcd8 26. Qb6 d3 27. Rxd3 Rxd3 28. cxd3 Qc3 29. Qe3 Rd8 30. Re1 Qc6 31. Bxf7+ 1-0

[Event "Erfurt ST op 27th"]
[Site "Erfurt"]
[Date "2017.12.28"]
[Round "3"]
[White "Weidlich, Guenter"]
[Black "Wuensch, Ulrich"]
[Result "0-1"]
[WhiteElo "2173"]
[BlackElo "2044"]
[PlyCount "108"]
[EventDate "2017.12.26"]
[EventType "swiss"]
[EventRounds "5"]
[EventCountry "GER"]
[SourceTitle "CBM 182 Extra"]
[Source "ChessBase"]
[SourceDate "2018.02.23"]
[SourceVersion "1"]
[SourceVersionDate "2018.02.23"]
[SourceQuality "1"]

1. Nf3 Nf6 2. g3 g6 3. b3 Bg7 4. Bb2 0-0 5. Bg2 d6 6. c4 e5 7. 0-0 c6 8. d3 Na6 9. a3 Re8 10. Qc2 Bd7 11. Nbd2 Rc8 12. Bc3 Ng4 13. b4 d5 14. Bb2 f6 15. e3 Qe7 16. c5 Rcd8 17. Rfe1 Be6 18. Rac1 Nh6 19. Qa4 Ra8 20. Qc2 Nc7 21. Nb3 Rad8 22. Na5 Bc8 23. Qb3 Nf7 24. a4 a6 25. e4 d4 26. Qc2 Bh6 27. Rb1 Rf8 28. Ba3 f5 29. exf5 gxf5 30. Nxe5 Nxe5 31. f4 Bg7 32. Nc4 Nd5 33. fxe5 Nc3 34. Ra1 Qg5 35. Bc1 Qg4 36. Bf4 Be6 37. Nd6 Rd7 38. Qf2 h5 39. Qxd4 Nd5 40. Rab1 h4 41. b5 axb5 42. axb5 hxg3 43. hxg3 Bh6 44. Rf1 Rg7 45. Bxd5 Bxd5 46. Kf2 Ra8 47. Ke3 Qxg3+ 48. Kd2 Ra2+ 49. Kc3 Qg2 50. Rf2 Rxf2 51. Bxh6 Rg4 52. Be3 Rc2+ 53. Kb4 Rxd4+ 54. Bxd4 Qd2+ 0-1

[Event "Arber op Seniors 4th"]
[Site "Bodenmais"]
[Date "2016.08.06"]
[Round "8"]
[White "Schmid, Siegfried"]
[Black "Wuensch, Ulrich"]
[Result "1/2-1/2"]
[WhiteElo "2134"]
[BlackElo "2047"]
[PlyCount "61"]
[EventDate "2016.07.30"]
[EventType "swiss"]
[EventRounds "9"]
[EventCountry "GER"]
[SourceTitle "EXT 2017"]
[Source "ChessBase"]
[SourceDate "2016.10.25"]
[SourceVersion "1"]
[SourceVersionDate "2016.10.25"]
[SourceQuality "1"]

1. Nf3 Nf6 2. d4 e6 3. g3 b6 4. Bg2 Bb7 5. 0-0 Be7 6. c4 0-0 7. Nc3 d5 8. Ne5 Nbd7 9. Nxd7 Qxd7 10. Bf4 Rfd8 11. Qc2 c6 12. cxd5 cxd5 13. Qd3 Rac8 14. Rfc1 h6 15. h3 Bb4 16. a3 Bxc3 17. Rxc3 Rxc3 18. Qxc3 Rc8 19. Qb3 Ba6 20. Bf3 Rc4 21. Rc1 Rxc1+ 22. Bxc1 Qc6 23. Bf4 Ne4 24. Qe3 Qc2 25. Qc1 Qa4 26. Be3 Qb3 27. Kg2 Bc4 28. h4 b5 29. Bxe4 dxe4 30. Bxh6 Bxe2 31. Be3 1/2-1/2

[Event "Arber op Seniors 4th"]
[Site "Bodenmais"]
[Date "2016.08.04"]
[Round "6"]
[White "Reichstein, Hans Joerg"]
[Black "Wuensch, Ulrich"]
[Result "1-0"]
[WhiteElo "2096"]
[BlackElo "2047"]
[PlyCount "101"]
[EventDate "2016.07.30"]
[EventType "swiss"]
[EventRounds "9"]
[EventCountry "GER"]
[SourceTitle "EXT 2017"]
[Source "ChessBase"]
[SourceDate "2016.10.25"]
[SourceVersion "1"]
[SourceVersionDate "2016.10.25"]
[SourceQuality "1"]

1. e4 c5 2. Nf3 Nc6 3. Bb5 Nd4 4. Nxd4 cxd4 5. 0-0 g6 6. d3 Bg7 7. a4 Nf6 8. Nd2 0-0 9. h3 d5 10. exd5 Nxd5 11. a5 Qc7 12. Ne4 Nb4 13. Bd2 Nc6 14. Re1 Be6 15. Qe2 Bd5 16. b3 Rac8 17. Bc4 Rfd8 18. f4 e6 19. Qf2 Ne7 20. g4 b5 21. axb6 axb6 22. Qh4 Bxe4 23. dxe4 d3 24. Bxd3 Bxa1 25. Rxa1 Rxd3 26. cxd3 Qc2 27. Qe1 Qxd3 28. Qe3 Rd8 29. Qxd3 Rxd3 30. Ra8+ Kg7 31. Bb4 Rd7 32. Re8 Ng8 33. Bf8+ Kh8 34. e5 Rd3 35. Kg2 Rxb3 36. Rb8 h5 37. Rb7 hxg4 38. hxg4 Rb2+ 39. Kf3 f5 40. exf6 Rb3+ 41. Ke4 Nxf6+ 42. Ke5 Nxg4+ 43. Kxe6 Rf3 44. Bd6 Re3+ 45. Be5+ Nxe5 46. fxe5 Rb3 47. Kf6 Rf3+ 48. Ke7 Kg7 49. e6 Rb3 50. Ke8+ Kf6 51. e7 1-0

[Event "Arber op Seniors 4th"]
[Site "Bodenmais"]
[Date "2016.07.30"]
[Round "1"]
[White "Wuensch, Ulrich"]
[Black "Klimpel, Siegfried"]
[Result "1-0"]
[WhiteElo "2047"]
[BlackElo "1867"]
[PlyCount "91"]
[EventDate "2016.07.30"]
[EventType "swiss"]
[EventRounds "9"]
[EventCountry "GER"]
[SourceTitle "EXT 2017"]
[Source "ChessBase"]
[SourceDate "2016.10.25"]
[SourceVersion "1"]
[SourceVersionDate "2016.10.25"]
[SourceQuality "1"]

1. d4 d5 2. Nf3 c6 3. e3 e6 4. Bd3 Nf6 5. Nbd2 b6 6. Qe2 Be7 7. 0-0 0-0 8. e4 a5 9. Re1 Ba6 10. c4 Bb4 11. cxd5 Bxd3 12. Qxd3 cxd5 13. e5 Bxd2 14. Nxd2 Ne8 15. Re3 Nc6 16. Rh3 f5 17. exf6 Nxf6 18. a3 Rc8 19. Re3 Qd6 20. Nf1 e5 21. dxe5 Nxe5 22. Qe2 Nfg4 23. f4 Rxf4 24. Rc3 Rxc3 25. Bxf4 Qc5+ 26. Ne3 Rc2 27. Qe1 Nd3 28. Qh4 Rc1+ 29. Rxc1 Qxc1+ 30. Nf1 Qxf4 31. Qd8+ Qf8 32. Qxd5+ Kh8 33. Qxd3 Qf2+ 34. Kh1 Qh4 35. Qd6 h6 36. Qxb6 Qe1 37. Kg1 Qe2 38. h3 Nf6 39. Qd8+ Kh7 40. Qd2 Qe7 41. Qxa5 Ne4 42. Qf5+ Kg8 43. Qc8+ Kh7 44. Qc2 Qa7+ 45. Kh2 Qe7 46. Ng3 1-0

[Event "Arber op Seniors 3rd"]
[Site "Bayerisch Eisenstein"]
[Date "2015.08.08"]
[Round "8"]
[White "Zilch, Lothar"]
[Black "Wuensch, Ulrich"]
[Result "0-1"]
[WhiteElo "1955"]
[BlackElo "2072"]
[PlyCount "114"]
[EventDate "2015.08.01"]
[EventType "swiss"]
[EventRounds "9"]
[EventCountry "GER"]
[SourceTitle "EXT 2016"]
[Source "ChessBase"]
[SourceDate "2015.10.08"]
[SourceVersion "1"]
[SourceVersionDate "2015.10.08"]
[SourceQuality "1"]

1. c4 Nf6 2. Nc3 c5 3. Nf3 Nc6 4. d4 cxd4 5. Nxd4 g6 6. Nxc6 bxc6 7. e4 d6 8. Be2 Bg7 9. 0-0 0-0 10. Be3 Qa5 11. h3 Rd8 12. Qd2 Rb8 13. Rad1 Be6 14. b3 Nd7 15. Na4 Qc7 16. f4 Nf6 17. Bf3 Bd7 18. Qf2 c5 19. e5 Ne8 20. Nc3 Be6 21. Ne4 a5 22. Ng5 a4 23. Nxe6 fxe6 24. bxa4 Qa5 25. Bc6 Nc7 26. Rb1 Qc3 27. Rxb8 Rxb8 28. Rc1 Qa3 29. Bb5 d5 30. Qd2 d4 31. Bf2 Rf8 32. Rb1 Nxb5 33. axb5 Qa4 34. Rc1 g5 35. g3 gxf4 36. gxf4 Bh6 37. Bg3 Qa3 38. Kh2 Qf3 39. Qg2 Qa3 40. Rf1 Kh8 41. Rf3 Qc1 42. Qf1 Qc2+ 43. Rf2 Qc3 44. Rf3 Qc2+ 45. Rf2 Qe4 46. Qe2 Qf5 47. Qg4 Qf7 48. Qf3 Rg8 49. h4 Qf5 50. Rd2 Qb1 51. a4 Qb4 52. Qe2 Qxa4 53. Ra2 Qb3 54. Rb2 Qc3 55. Qf2 Rb8 56. Qd2 Rxb5 57. Rxb5 Qxd2+ 0-1

[Event "Arber op Seniors 3rd"]
[Site "Bayerisch Eisenstein"]
[Date "2015.08.03"]
[Round "4"]
[White "Hesse, Rutger"]
[Black "Wuensch, Ulrich"]
[Result "0-1"]
[WhiteElo "1744"]
[BlackElo "2072"]
[PlyCount "134"]
[EventDate "2015.08.01"]
[EventType "swiss"]
[EventRounds "9"]
[EventCountry "GER"]
[SourceTitle "EXT 2016"]
[Source "ChessBase"]
[SourceDate "2015.10.08"]
[SourceVersion "1"]
[SourceVersionDate "2015.10.08"]
[SourceQuality "1"]

1. d4 Nf6 2. c4 e6 3. Nc3 Bb4 4. Bd2 0-0 5. Nf3 b6 6. g3 Bb7 7. Bg2 d6 8. 0-0 Nbd7 9. a3 Bxc3 10. Bxc3 Ne4 11. Qc2 Nxc3 12. Qxc3 Qe7 13. Rfe1 Nf6 14. Nd2 Bxg2 15. Kxg2 c5 16. e4 e5 17. dxe5 dxe5 18. Nf3 Rfe8 19. Rad1 Qb7 20. Qc2 Qc6 21. b3 h6 22. h3 a6 23. Kh2 Ra7 24. Nh4 g6 25. Ng2 Raa8 26. f3 Rad8 27. Rxd8 Rxd8 28. Rd1 Rd4 29. Ne3 Nh7 30. Nd5 Kg7 31. h4 Nf8 32. a4 Ne6 33. Kg2 b5 34. axb5 axb5 35. Ra1 bxc4 36. bxc4 Qb7 37. Kh3 h5 38. Ra3 Qc8 39. Kh2 g5 40. Ne7 Qd8 41. Nf5+ Kg6 42. Nxd4 Nxd4 43. Qf2 gxh4 44. gxh4 Qf6 45. Qg3+ Kh7 46. Re3 Ne6 47. Re2 Nf4 48. Ra2 Ng6 49. Ra7 Nxh4 50. Ra8 Nxf3+ 51. Kh1 Ng5 52. Kg2 Nxe4 53. Qg8+ Kh6 54. Qh8+ Qxh8 55. Rxh8+ Kg6 56. Rc8 Kf5 57. Kh2 Kf4 58. Rh8 Kg4 59. Rg8+ Ng5 60. Rc8 Ne6 61. Rg8+ Kh4 62. Rh8 Kg4 63. Rg8+ Kf4 64. Rc8 f5 65. Kh3 e4 66. Rc6 Ke5 67. Kh4 e3 0-1

[Event "Oberliga Ost-A 1415"]
[Site "Germany"]
[Date "2014.10.19"]
[Round "3.7"]
[White "Wuensch, Ulrich"]
[Black "Kieslich, Aaron"]
[Result "1/2-1/2"]
[WhiteElo "2079"]
[BlackElo "2004"]
[PlyCount "38"]
[EventDate "2014.09.21"]
[EventType "team-tourn"]
[EventRounds "11"]
[EventCountry "GER"]
[SourceTitle "EXT 2016"]
[Source "ChessBase"]
[SourceDate "2015.10.08"]
[SourceVersion "1"]
[SourceVersionDate "2015.10.08"]
[SourceQuality "1"]
[WhiteTeam "Chemnitz USG"]
[BlackTeam "Coswig"]
[WhiteTeamCountry "GER"]
[BlackTeamCountry "GER"]

1. d4 Nf6 2. Nf3 e6 3. e3 b6 4. Bd3 Bb7 5. Nbd2 d5 6. 0-0 Be7 7. Qe2 0-0 8. e4 dxe4 9. Nxe4 Nxe4 10. Bxe4 Bxe4 11. Qxe4 Qd5 12. Qxd5 exd5 13. Bf4 Bd6 14. Bxd6 cxd6 15. Rfe1 Nc6 16. c3 Rfe8 17. Rxe8+ Rxe8 18. Re1 Rxe1+ 19. Nxe1 f6 1/2-1/2

[Event "Arber op Seniors 2nd"]
[Site "Bayerisch Eisenstein"]
[Date "2014.08.17"]
[Round "2"]
[White "Zerweck, Christoph"]
[Black "Wuensch, Ulrich"]
[Result "1-0"]
[WhiteElo "1881"]
[BlackElo "2079"]
[PlyCount "63"]
[EventDate "2014.08.16"]
[EventType "swiss"]
[EventRounds "9"]
[EventCountry "GER"]
[SourceTitle "EXT 2016"]
[Source "ChessBase"]
[SourceDate "2015.10.08"]
[SourceVersion "1"]
[SourceVersionDate "2015.10.08"]
[SourceQuality "1"]

1. e4 c5 2. Nf3 Nc6 3. d4 cxd4 4. Nxd4 g6 5. c4 Bg7 6. Be3 d6 7. Be2 Nf6 8. Nc3 0-0 9. 0-0 Bd7 10. Qd2 Ng4 11. Bxg4 Bxg4 12. f3 Bd7 13. Rad1 Re8 14. Nd5 Ne5 15. b3 Bc6 16. h3 Rc8 17. Bh6 Bh8 18. f4 Nd7 19. f5 Ne5 20. fxg6 hxg6 21. Rf2 Qd7 22. Rdf1 Bg7 23. Bxg7 Kxg7 24. Qg5 f6 25. Qg3 Kf7 26. Qh4 Rh8 27. Rxf6+ exf6 28. Qxf6+ Kg8 29. Ne7+ Kh7 30. Ne6 Qxe6 31. Qxe6 Rhd8 32. Rf7+ 1-0

[Event "Erfurt Seniors op 23rd"]
[Site "Erfurt"]
[Date "2013.12.26"]
[Round "1"]
[White "Wuensch, Ulrich"]
[Black "Flockerzi, Armin"]
[Result "1-0"]
[WhiteElo "2063"]
[BlackElo "1824"]
[PlyCount "79"]
[EventDate "2013.12.26"]
[EventType "swiss"]
[EventRounds "5"]
[EventCountry "GER"]
[SourceTitle "EXT 2016"]
[Source "ChessBase"]
[SourceDate "2015.10.08"]
[SourceVersion "1"]
[SourceVersionDate "2015.10.08"]
[SourceQuality "1"]

1. d4 d5 2. Nf3 c6 3. Nbd2 Nf6 4. e3 e6 5. Bd3 b6 6. Qe2 Bd6 7. 0-0 Qc7 8. e4 dxe4 9. Nxe4 Nxe4 10. Qxe4 Ba6 11. c4 Bb7 12. Qg4 g6 13. Bh6 Nd7 14. Rac1 f5 15. Qh4 Be7 16. Bg5 Qd8 17. Rfe1 Nf8 18. Qf4 Qd6 19. Qe3 Bxg5 20. Nxg5 Rd8 21. Nf3 Kf7 22. Rcd1 Re8 23. c5 Qc7 24. Bc4 Bc8 25. cxb6 axb6 26. d5 cxd5 27. Bxd5 h6 28. Bb3 Kg7 29. Rc1 Qb8 30. Rc6 Bb7 31. Qc3+ Kg8 32. Rxb6 Rh7 33. Nd4 Rc7 34. Qe3 Qa8 35. Nxe6 Kh7 36. Nxf8+ Rxf8 37. Qg3 Rc6 38. Re7+ Kh8 39. Rxc6 Bxc6 40. Qe5+ 1-0

[Event "EU-chT Seniors 15th"]
[Site "Dresden"]
[Date "2013.07.24"]
[Round "5"]
[White "Wuensch, Ulrich"]
[Black "Singer, Hans"]
[Result "1/2-1/2"]
[WhiteElo "2092"]
[BlackElo "2168"]
[PlyCount "103"]
[EventDate "2013.07.20"]
[EventType "team-swiss"]
[EventRounds "9"]
[EventCountry "GER"]
[SourceTitle "CBM 155 Extra"]
[Source "ChessBase"]
[SourceDate "2013.08.26"]
[SourceVersion "1"]
[SourceVersionDate "2013.08.26"]
[SourceQuality "1"]
[WhiteTeam "Chemnitz USG"]
[BlackTeam "Vienna"]
[WhiteTeamCountry "GER"]
[BlackTeamCountry "AUT"]

1. d4 d5 2. Nf3 Nf6 3. e3 e6 4. Bd3 c5 5. c3 Nc6 6. Nbd2 Be7 7. 0-0 Qd6 8. dxc5 Qxc5 9. e4 dxe4 10. Nxe4 Nxe4 11. Bxe4 Qb6 12. Qe2 0-0 13. Be3 Qc7 14. Rad1 e5 15. h3 Be6 16. Bd5 Bxd5 17. Rxd5 Rad8 18. Rfd1 Nd4 19. R5xd4 exd4 20. Nxd4 a6 21. Re1 Bf6 22. Qg4 Qd7 23. Nf5 Rfe8 24. Rf1 Qe6 25. a3 Rd5 26. Nh6+ Kf8 27. Qxe6 Rxe6 28. Ng4 Be7 29. Re1 f5 30. Nh2 f4 31. Bd2 Rxe1+ 32. Bxe1 Rd1 33. Kf1 a5 34. Ke2 Rb1 35. b4 a4 36. Bd2 Ra1 37. Nf3 Rxa3 38. Nd4 Bf6 39. Nc2 Rb3 40. Kd3 b5 41. Na1 Rb2 42. Nc2 Rb3 43. Na1 Ra3 44. Nc2 Ra2 45. Bxf4 Ke7 46. Bc1 Kd6 47. f4 g6 48. g4 Kc6 49. g5 Bg7 50. Be3 Kd5 51. Bc1 Kc6 52. Ba3 1/2-1/2

[Event "EU-chT Seniors 15th"]
[Site "Dresden"]
[Date "2013.07.23"]
[Round "4"]
[White "Foerster, Juergen"]
[Black "Wuensch, Ulrich"]
[Result "0-1"]
[WhiteElo "1761"]
[BlackElo "2092"]
[PlyCount "50"]
[EventDate "2013.07.20"]
[EventType "team-swiss"]
[EventRounds "9"]
[EventCountry "GER"]
[SourceTitle "CBM 155 Extra"]
[Source "ChessBase"]
[SourceDate "2013.08.26"]
[SourceVersion "1"]
[SourceVersionDate "2013.08.26"]
[SourceQuality "1"]
[WhiteTeam "BSW/DBAG V"]
[BlackTeam "Chemnitz USG"]
[WhiteTeamCountry "GER"]
[BlackTeamCountry "GER"]

1. d4 Nf6 2. c4 e6 3. Nc3 Bb4 4. Qb3 c5 5. dxc5 Bxc5 6. Nf3 0-0 7. Bg5 Be7 8. e3 b6 9. Be2 Bb7 10. 0-0 Na6 11. Rfd1 Nc5 12. Qc2 Nfe4 13. Bxe7 Qxe7 14. Nxe4 Nxe4 15. Ne5 d5 16. cxd5 Bxd5 17. Nc6 Qh4 18. g3 Qf6 19. Ba6 Nc5 20. Nb4 Be4 21. Bd3 Nxd3 22. Nxd3 Qf3 23. Kf1 Rac8 24. Qb3 Bd5 25. Qa3 Rc7 0-1

[Event "Hamburg Seniors op 19th"]
[Site "Hamburg"]
[Date "2012.10.29"]
[Round "6"]
[White "Wuensch, Ulrich"]
[Black "Kock, Rudolf"]
[Result "1-0"]
[WhiteElo "1957"]
[BlackElo "1489"]
[PlyCount "64"]
[EventDate "2012.10.24"]
[EventType "swiss"]
[EventRounds "9"]
[EventCountry "GER"]
[SourceTitle "EXT 2015"]
[Source "ChessBase"]
[SourceDate "2014.11.20"]
[SourceVersion "1"]
[SourceVersionDate "2014.11.20"]
[SourceQuality "1"]

1. d4 e6 2. Nf3 d5 3. e3 Bd6 4. Nbd2 b6 5. Bd3 Ba6 6. c4 Bb7 7. 0-0 Nf6 8. Qc2 Nbd7 9. cxd5 Bxd5 10. e4 Bxh2+ 11. Nxh2 Bb7 12. Nc4 0-0 13. Bg5 h6 14. Bh4 g5 15. Bg3 Nh5 16. Rad1 f6 17. Ne3 Nxg3 18. fxg3 Qe7 19. Qxc7 Rab8 20. Qc3 Rbc8 21. Qb3 Kh8 22. Rc1 Rxc1 23. Rxc1 f5 24. exf5 Bd5 25. Nxd5 exd5 26. Nf1 Nf6 27. Qa3 Re8 28. Qxe7 Rxe7 29. Rc6 Kg7 30. Kf2 g4 31. Ne3 h5 32. Rxf6 Rxe3 1-0